Тектоническая карта Армянской ССР (Запись № 12677609)

Подробности
000 -МАРКЕР
контрольное поле 01547nem0a2200301 4500
001 - ИДЕНТИФИКАТОР ЗАПИСИ
контрольное поле RU\NLR\BIBL_A\012932050
005 - ИДЕНТИФИКАТОР ВЕРСИИ
контрольное поле 20250624231843.0
035 ## - ДРУГИЕ СИСТЕМНЫЕ НОМЕРА
Идентификатор записи (NLR Aleph) 012932050
100 ## - ДАННЫЕ ОБЩЕЙ ОБРАБОТКИ
Данные общей обработки 20221107d1968 |||y0rusy50 ca
101 0# - ЯЗЫК РЕСУРСА
Язык текста, звукозаписи и т.д. русский
102 ## - СТРАНА ПУБЛИКАЦИИ ИЛИ ПРОИЗВОДСТВА
Страна публикации Российская Федерация
120 ## - ПОЛЕ КОДИРОВАННЫХ ДАННЫХ: КАРТОГРАФИЧЕСКИЕ МАТЕРИАЛЫ - ОБЩИЕ ХАРАКТЕРИСТИКИ
Кодированные данные о картографическом материале (общие) bya xx||
123 0# - ПОЛЕ КОДИРОВАННЫХ ДАННЫХ: КАРТОГРАФИЧЕСКИЕ МАТЕРИАЛЫ - МАСШТАБ И КООРДИНАТЫ
Тип масштаба a
200 1# - ЗАГЛАВИЕ И СВЕДЕНИЯ ОБ ОТВЕТСТВЕННОСТИ
Основное заглавие Тектоническая карта Армянской ССР
Общее обозначение материала Карты
Первые сведения об ответственности Ред. А.А. Габриелян
206 ## - ОБЛАСТЬ СПЕЦИФИЧЕСКИХ СВЕДЕНИЙ: КАРТОГРАФИЧЕСКИЕ МАТЕРИАЛЫ - МАТЕМАТИЧЕСКИЕ ДАННЫЕ
Сведения о математических данных Б. м-ба
210 ## - ПУБЛИКАЦИЯ, РАСПРОСТРАНЕНИЕ И ДР.
Место издания, распространения и т.д. Ереван
Имя издателя, распространителя и т. д. МИТК
Дата издания, распространения и т.д. 1968
215 ## - ФИЗИЧЕСКАЯ ХАРАКТЕРИСТИКА
Специфическое обозначение материала и объем 2 к.
Другие сведения о физической характеристике цв.
Размеры 63х57 см, в обл. 26х17 см
Сопроводительный материал Объяснительная записка (72 с.) + Схемы (2 л., 1 цв.; 43х27 см, 15х28 см)
300 ## - ОБЩИЕ ПРИМЕЧАНИЯ
Текст примечания Карты: Схематическая карта интрузивных формаций Армянской ССР; Схематическая тектоническая карта Армянской ССР и Нахичеванской АССР
300 ## - ОБЩИЕ ПРИМЕЧАНИЯ
Текст примечания В надзаг.: Ереванский гос. ун-т; Упр. геологии при Совете Министров Армянской ССР
509 01 - ЗАГОЛОВОК -СТРУКТУРИРОВАННОЕ ГЕОГРАФИЧЕСКОЕ ИЛИ ТЕМАТИЧЕСКОЕ НАИМЕНОВАНИЕ
Графика поля Кириллица
Географическое / тематическое наименование – начальный элемент ввода Армянская ССР
Системный номер авторитетной/нормативной записи 2635187
Идентификатор авторитетной / нормативной записи RU\NLR\auth_crt\552019
607 ## - ГЕОГРАФИЧЕСКОЕ НАИМЕНОВАНИЕ КАК ПРЕДМЕТ
Географическое наименование Армянская ССР
Тематический подзаголовок Тектонические карты
Системный номер авторитетной/нормативной записи 1016619
Идентификатор авторитетной/нормативной записи RU\NLR\AUTH\6670153
608 ## - ФОРМА, ЖАНР, ФИЗИЧЕСКИЕ ХАРАКТЕРИСТИКИ ДОКУМЕНТА КАК ТОЧКА ДОСТУПА
Начальный элемент ввода Тектонические карты
Системный номер авторитетной/нормативной записи 943384
Идентификатор авторитетной/нормативной записи RU\NLR\AUTH\66349439
702 #1 - ИМЯ ЛИЦА - ВТОРИЧНАЯ ОТВЕТСТВЕННОСТЬ
Начальный элемент ввода Габриелян
Часть имени, кроме начального элемента ввода А.А.
Код отношения Редактор
852 ## - МЕСТОНАХОЖДЕНИЕ И ШИФР ХРАНЕНИЯ
Идентификатор организации NLR
Наименование фонда или коллекции (Sub-Location Identifier) К
Шифр хранения (Call Number) 4-Кав 6/652
Идентификатор единицы 54077
Номер экземпляра 54078
942 ## - ДОПОЛНИТЕЛЬНЫЕ ЭЛЕМЕНТЫ ЗАПИСИ (АБИС)
Тип экземпляра АБИС Карта
980 ## - КОЛЛЕКЦИЯ
Название коллекции Национальная библиография
Экземпляры
Тип экземпляра Дата поступления Библиотека постоянного хранения Библиотека текущего хранения Место хранения Шифр хранения Штрих-код Статус экземпляра
Карта 16.11.2022 РНБ (Садовая) РНБ (Садовая) Фонд картографических изданий К 4-Кав 6/652 ERR-262689  
Карта 23.11.2022 РНБ (Садовая) РНБ (Садовая) Фонд картографических изданий К 4-Кав 6/652 ERR-263553